Ex Machina

Nathan, un programador multimillonario con fama de reclusivo, selecciona a Caleb, un joven empleado de su empresa, para que pase una semana con él en un lugar remoto en las montañas con el objetivo de que participe en un test en el que está involucrada su última creación: Ava, un robot-mujer en el q...

Descripción completa

Guardado en:
Autor Principal: Garland, Alex.
Autor Corporativo: DNA Films.
Otros Autores: Gleeson, Domhnall; Reparto., Vikander, Alicia; Reparto.
Formato: Deslizar
Idioma:Undetermined
Publicado: Reino Unido : Universal Studios, 2015.
Materias:
Etiquetas: Agregar Etiqueta
Sin Etiquetas, Sea el primero en etiquetar este registro!
LEADER 01161ngm a22002415a 4500
001 CEM.cems020934
008 240318s2015####xx#---############vlund#d
005 20240318141041.0
245 1 0 |a Ex Machina  |h [videograbación] /  |c Alex Garland. 
260 |a Reino Unido :  |b Universal Studios,  |c 2015. 
300 |a 108'. 
520 |a Nathan, un programador multimillonario con fama de reclusivo, selecciona a Caleb, un joven empleado de su empresa, para que pase una semana con él en un lugar remoto en las montañas con el objetivo de que participe en un test en el que está involucrada su última creación: Ava, un robot-mujer en el que inteligencia artificial lo es todo. 
590 |a Identificación anterior: 368 
538 |a Soporte: DVD - Formato: AVI - Peso: 533 mb - Resolución: 720 x 576 - 23.98fps 
500 |a Idioma: Inglés – Subtítulos: Español. 
100 1 |a Garland, Alex. 
700 1 |a Gleeson, Domhnall; Reparto. 
700 1 |a Vikander, Alicia; Reparto. 
710 2 |a DNA Films. 
653 |a LARGOMETRAJE 
653 |a FICCIÓN 
653 |a CIENCIA FICCIÓN 
859 |a CEMS  |b BIB. CEMS - Depto. Recursos Didacticos  |h 778.5  |i GAR  |k DRD  |p 3305.24  |t Ej.1